| 000 | 00800aam a2200301 4500 | ||
|---|---|---|---|
| 005 | 20260417191406.0 | ||
| 008 | 150416b2002 xxu||||| |||| 00| 0 spa d | ||
| 020 | _a98751705010 | ||
| 041 | _aESP | ||
| 082 | _a005.8 M274f | ||
| 100 |
_aManera, Alberto Eduardo _933772 |
||
| 245 | _aFalsedades documentales por computadora | ||
| 260 | _aArgentina | ||
| 260 | _bLa Rocca | ||
| 260 | _c2002 | ||
| 300 | _a288 páginas | ||
| 490 | _aInvestigación Criminal | ||
| 650 | _aDELITOS POR COMPUTADORAS | ||
| 650 | _aFALSEDADES DOCUMENTALES | ||
| 650 | _aALTERACIONES FRAUDULENTAS | ||
| 650 | _aTIPOGRAFÍA | ||
| 650 | _aEQUIPO | ||
| 650 | _aFALSIFICACIÓN DE DOCUMENTOS | ||
| 650 | _aLEVANTAMIENTO DE FIRMAS SUPERPUESTAS | ||
| 650 | _aSELLOS | ||
| 650 | _aLOGOTIPOS | ||
| 942 |
_cBK _2ddc |
||
| 999 |
_c4670 _d4670 |
||